Premier League Teams 2022/23 With Table - Statystyki

Ogólne statystyki
  • Ten quiz został rozwiązany 7 razy
  • Średni wynik to 14 z 20
Statystyki odpowiedzi
Miejsce Punkty Drużyna % Poprawnych
2 84 Arsenal
100%
12 44 Chelsea
86%
17 36 Everton
86%
18 34 Leicester
86%
5 67 Liverpool
86%
20 25 Southampton
86%
8 60 Tottenham
86%
7 61 Aston Villa
71%
15 39 Bournemouth
71%
11 45 Crystal Palace
71%
10 52 Fulham
71%
19 31 Leeds
71%
4 71 Newcastle
71%
16 38 Nottingham
71%
14 40 West Ham
71%
9 59 Brentford
57%
13 41 Wolves
57%
6 62 Brighton
43%
1 89 Man City
43%
3 75 Man Utd
14%
Nie znaleziono quizów pasujących do podanych kryteriów
Rozkład punktacji
Procent ludzi z każdym wynikiem
Percentyl według liczby udzielonych odpowiedzi
Twoja historia wyników
Nie rozwiązałeś tego quizu